000 00303nam a22001337a 4500
008 171102b xxu||||| |||| 00| 0 eng d
020 _a2900071284409
041 _aeng
080 _28TH
_a339.138
100 _a60
101 _aMAR
245 _aADVERTISING AND PROMOTION
_cBELCH,G.E
942 _2udc
_cBK
999 _c37387
_d37387